Trendom je zážitkové nakupovanie
Počet nákupných centier neustále narastá, stavia sa najmä v Turecku, Spojených arabských emirátoch a Rusku. Nákupné centrá sa snažia odlíšiť poskytovaním neobvyklého komfortu a zážitkov. Vo výstavbe nezaostávajú ani krajiny východnej Európy. Trendom sú prestavby starších obchodných domov na nové.
Gespeichert in:
| 1. Verfasser: | |
|---|---|
| Format: | Buchkapitel |
| Sprache: | Slowakisch |
| Schlagworte: | |
| Tags: |
Keine Tags, Fügen Sie das erste Tag hinzu!
|
MARC
| LEADER | 00000naa a2200000 4500 | ||
|---|---|---|---|
| 001 | 0238838 | ||
| 005 | 20180116110700.9 | ||
| 041 | 0 | |a slo | |
| 044 | |a SK | ||
| 245 | 1 | 0 | |a Trendom je zážitkové nakupovanie |c Henrieta Halasová |
| 520 | |a Počet nákupných centier neustále narastá, stavia sa najmä v Turecku, Spojených arabských emirátoch a Rusku. Nákupné centrá sa snažia odlíšiť poskytovaním neobvyklého komfortu a zážitkov. Vo výstavbe nezaostávajú ani krajiny východnej Európy. Trendom sú prestavby starších obchodných domov na nové. | ||
| 610 | 2 | 0 | |a domy obchodné |
| 610 | 2 | 0 | |a nákup |
| 610 | 2 | 0 | |a spokojnosť zákazníkov |
| 610 | 2 | 0 | |a spotrebitelia |
| 610 | 2 | 0 | |a porovnanie medzinárodné |
| 610 | 2 | 0 | |a výstavba investičná |
| 100 | 1 | |a Halasová, Henrieta | |